000 00580nmm a2200193Ia 4500
008 251105s9999||||xx |||||||||||||||||und||
020 _a9788433980830
041 _aspa
100 _aVigan, Delphine de
245 0 _aLas gratitudes
264 _a[Madrid, España] :
_bEditorial Anagrama,
_c[Fecha de publicación no identificada]
300 _a0 páginas
490 _aPanorama de narrativas
650 _aFrench narrative
700 _aVigan, Delphine de
700 1 _a Martín Sánchez, Pablo
856 _uhttps://public.digitaliapublishing.com/a/80179
942 _cCF
999 _c72383
_d72383